NFL Player Chain - Statistics

General Stats
  • This quiz has been taken 76 times
  • The average score is 7 of 15
Answer Stats
Hint Answer % Correct
Played for the Baltimore Ravens from 1996-2012 Ray Lewis
100%
Weapon X would retire the season before this Hall of Fame Quarterback would join the Broncos Peyton Manning
83%
A fellow Miami Hurricane and Ravens legend, spent his final season with the Houston Texans and New York Jets Ed Reed
77%
In 1983, this Steelers legend used the name of the previous player to keep a low profile when getting surgery, funny enough, this player's initials are also TB and he also wore the number 12 Terry Bradshaw
62%
Prior to playing with the Broncos, the previous player spent 2007-2012 with this man as his QB Tom Brady
62%
While these two never met on the field, nowadays, you can catch the previous player with this Giants single-season sack leader on Fox NFL Sunday Michael Strahan
58%
Another 2000s safety that wore 20 and went to an ACC school, this player was known as "Weapon X" spent most of his career in Philadelphia, but retired a member of the Denver Broncos Brian Dawkins
53%
This teammate wore number 83 for the legendary 2013 Broncos receiving core, but would leave the team before they would win Super Bowl 50 Wes Welker
50%
The previous player sealed the aforementioned single-season sack record with his sack on this Super Bowl winning quarterback Brett Favre
30%
The previous player won the 2011 Heisman and was selected 2nd overall in the 2012 NFL Draft, who was selected first? Andrew Luck
29%
... made his first appearance in a regular season game when this man went down with injury Robert Griffin III
27%
In 2017, the previous player was a receiver for the Washington Redskins, who started this player at QB that season Kirk Cousins
24%
Who spent 2013 with the Oakland Raiders, who were quarterbacked by this Ohio State product, before he made the switch to Wide Receiver Terrelle Pryor
18%
This player was selected 3rd in 2012 by the Browns, but was traded to the Colts to join the 1st pick, who is this player? Trent Richardson
11%
This player caught an infamous interception off of the previous player in the 2009 NFC Championship Game Tracy Porter
8%
No matching quizzes found
Score Distribution
Percent of People with Each Score
Percentile by Number Answered
Your Score History
You have not taken this quiz